Théatre De Plaute Traduction Nouvelle Accompagnée De Notes Par J. Naudet Membre de L'Institut (Inscriptions Et Belles-Lettres) Tome Cinquième

Podrobná bibliografia
Hlavný autor: Plautus, Titus Maccius, asi 254 pred Kr.-asi 184 pred Kr (Autor)
Korporatívny autor: Panckoucke, Charles Louis Fleury (Francúzsko, Paríž) (Tlačiar)
Ďalší autori: Naudet, Joseph, 1786 - 1878 (Prekladateľ, Autor komentára k textu), Panckoucke, Charles Louis Fleury, 1780 - 1844 (Tlačiar)
Médium: Kniha
Jazyk:francúzština
latinčina
Fyzický popis:436 strán 22 cm
Edícia:Bibliothéque Latine - Franciaise
Predmet:

MARC

LEADER 00000nam a2200000 4500
001 vtls012000958
003 SK-MaSNL
005 20260301103727.0
008 201102t1836 fr | r 000 0 fre
015 |a SNBHFA1836 
040 |a SNKHF  |b slo  |c SNK  |e rda 
041 |a fre  |a lat 
044 |a fr  |c FR 
072 7 |a 821.09  |x Literatúra v rôznych jazykoch (o nej)  |2 konspekt 
080 |a 821(37/38)  |2 2001 
100 1 |a Plautus, Titus Maccius,  |d asi 254 pred Kr.-asi 184 pred Kr  |4 aut  |9 223115 
245 1 0 |a Théatre De Plaute  |b Traduction Nouvelle Accompagnée De Notes Par J. Naudet Membre de L'Institut (Inscriptions Et Belles-Lettres)  |n Tome Cinquième 
264 3 |a Paris  |b C. L. F. Panckoucke  |c M DCCC XXXVI (1836) 
300 |a 436 strán  |c 22 cm 
336 |a text  |b txt  |2 rdacontent 
337 |a bez média  |b n  |2 rdamedia 
338 |a zväzok  |b nc  |2 rdacarier 
490 0 |a Bibliothéque Latine - Franciaise 
500 |a Iniciály na 1,5 riadku, ilustrovaná obálka 
546 |a Tlač na protiľahlých stranách striedavo vo francúzskom a latinskom jazyku 
563 |a Väzba pôvodná papierová.  |5 SNK IC 145515/5 
650 0 7 |a antická literatúra  |2 SNKPH  |9 92203 
700 1 |a Naudet, Joseph,  |d 1786 - 1878  |4 trl  |4 cwt  |9 441382 
700 1 |a Panckoucke, Charles Louis Fleury,  |d 1780 - 1844  |4 prt  |9 303388 
710 0 |a Panckoucke, Charles Louis Fleury (Francúzsko, Paríž)  |4 prt  |9 303389 
752 |a Francúzsko  |d Paríž 
852 |a snk  |b Aponiovská knižnica  |p IC 145515/5 
958 |a DF 
958 |a ONDV 
999 |c 696049  |d 697979 
952 |t Op. I/116  |a SNK  |b SNK  |c SNK_HF  |y PREZ  |7 0  |p 17A1395693  |o snkIC 145515/5  |i snk2020/20292  |8 5  |0 0  |1 0  |4 0  |d 2020-11-02  |l 0  |r 2026-02-23 20:41:43  |w 2026-02-23